000 00460nam a2200169Ia 4500
008 090711s9999 xx 000 0 und d
082 _b33857
100 _aबुद्धिसागर शांता
245 _aकणव
260 _c1976
300 _a93
600 _aबुद्धिसागर शांता
630 _aकणव
700 _aबुद्धिसागर शांता
730 _aकणव
942 _cBOOK
999 _c309064
_d309064